• 首页
  • 本馆介绍
  • 公告通知
  • 最新文献
  • 馆藏检索
  • 电子资源
  • 读者导购
  • 参考咨询
  • 我的图书馆
  • 登录
  • 详细信息显示
  • 放入我的书架
  • 预约/预借图书
  • 作者相关作品
  • 分类相关作品
  • 丛书相关作品
  • 出版社相关作品

书目信息

  • 表格格式
  • 工作单格式
  • 卡片格式
题名:
家居设计解剖书
    
 
作者: ;程礼礼 译 ;家居协会 编著
分册:  
出版信息: 南京   江苏科学技术出版社  2016.6
页数: 183页
开本: 21cm
丛书名:
单 册:
中图分类: TU241.02-
科图分类:
主题词: 住宅--室内装饰设计--图集
电子资源:
ISBN: 978-7-5537-6429-0
000 00876nam0 2200241 450
001 0400003188
005 20171021203758.0
010    @a978-7-5537-6429-0@dCNY39.00
100    @a20160722d2016 em y0chiy50 ea
101 1  @achi@cjpn
102    @aCN@b320000
105    @aa z 000yy
106    @ar
200 1  @a家居设计解剖书@9jia ju she ji jie pou shu@f(日)家居协会编著@g程礼礼译
210    @a南京@c江苏科学技术出版社@d2016.6
215    @a183页@c图@d21cm
330    @a本书以细致见长,采用图文并茂的形式,针对建筑物的形状和构造、平面布局和动线、整理和收纳、材料和设备、细节和周围环境等因素分别进行介绍,配以大量案例进行描述,并有卡通插图。
606 0  @a住宅@x室内装饰设计@j图集
690    @aTU241.02-@v5
702  0 @a程礼礼@9cheng li li@4译
711 02 @c(日)@a家居协会@9jia ju xie hui@4编著
801  0 @aCN@b91MARC@c20171021
905    @b1035716-20@dTU241.02-@f5@e1246
    
    家居设计解剖书/(日)家居协会编著/程礼礼译.-南京:江苏科学技术出版社,2016.6
    183页:图;21cm
    
    
    ISBN 978-7-5537-6429-0:CNY39.00
    本书以细致见长,采用图文并茂的形式,针对建筑物的形状和构造、平面布局和动线、整理和收纳、材料和设备、细节和周围环境等因素分别进行介绍,配以大量案例进行描述,并有卡通插图。
●
相关链接 在E读中查询图书 在五车中查询图书 在当当中查询图书 在豆瓣中查询图书


正题名:家居设计解剖书     索取号:TU241.02-/1246         预约/预借

序号 登录号 条形码 馆藏地/架位号 状态 备注
1 1035716   210357166   第二样本阅览室/ [索取号:TU241.02-/1246] 在馆    
2 1035717   210357175   密集书库-生命科学系/ [索取号:TU241.02-/1246] 在馆    
3 1035718   210357184   第三借阅区/ [索取号:TU241.02-/1246] 在馆    
4 1035719   210357193   第三借阅区/ [索取号:TU241.02-/1246] 在馆    
5 1035720   210357200   第三借阅区/ [索取号:TU241.02-/1246] 在馆    
唐山师范学院图书馆 欢迎您!
大连网信软件有限公司© 版权所有